Szalony klikacz liter - Statystyki

Ogólne statystyki
  • Ten quiz został rozwiązany 16 379 razy
  • Średni wynik to 21 z 35
Statystyki odpowiedzi
Hint Odpowiedź % Poprawnych
Zaznacz A A
99%
Zaznacz B B
98%
Zaznacz C C
90%
Zaznacz pierwszą odpowiedź tego quizu A
88%
Zaznacz samogłoskę A
88%
Zaznacz D D
87%
Nie zaznaczaj ani A, ani C, ani B D
87%
Nie zaznaczaj ani D, ani C, ani A B
85%
Zaznacz drugą literę alfabetu B
84%
Zaznacz pierwszą odpowiedź tego quizu A
83%
Nie zaznaczaj ani A, ani D, ani B C
83%
Zaznacz literę, która jest zaraz po C D
83%
Zaznacz literę, która jest zaraz przed D C
81%
Zaznacz A A
80%
Nie zaznaczaj ani B, ani C, ani A D
76%
Zaznacz ostatnią literę słowa "polaroid" D
70%
I jeszcze raz, proszę A
69%
Zaznacz C C
67%
Zaznacz literę, która jest zaraz po C D
66%
Zaznacz poprzednią odpowiedź D
65%
Zaznacz poprzednią odpowiedź A
64%
Zaznacz literę, która jest między C i A B
63%
Zaznacz drugą odpowiedź tego quizu B
60%
Zaznacz literę, która jest zaraz po poprzedniej odpowiedzi D
52%
Nie zaznaczaj ani C, ani D, ani A B
47%
Zaznacz literę, która nie pojawia się w słowie "buraczki" D
46%
Zaznacz literę, która jest zaraz przed poprzednią odpowiedzią A
27%
Nie zaznaczaj ani D, ani A, ani B C
18%
Zaznacz literę, która nie pojawia się w tym zdaniu. B
12%
Zaznacz pierwszą odpowiedź tego quizu A
9%
Zaznacz literę, która jest zaraz po poprzedniej odpowiedzi D
9%
A teraz literę, która jest zaraz po niej B
8%
Zaznacz literę, która jest między D i B C
6%
A teraz literę, która jest zaraz przed nią A
5%
Na koniec, zaznacz C C
5%
Nie znaleziono quizów pasujących do podanych kryteriów
Rozkład punktacji
Procent ludzi z każdym wynikiem
Percentyl według liczby udzielonych odpowiedzi
Twoja historia wyników
Nie rozwiązałeś tego quizu